000 01424cam a2200133 4500500
005 20251214001930.0
041 _afre
042 _adc
100 1 0 _aAurégan, Xavier
_eauthor
245 0 0 _aChine, puissance africaine : Géopolitique des relations sino-africaines
260 _bArmand Colin,
_c2024.
520 _aC’est dans un contexte géopolitique post-Guerre froide que la Chine émerge à l’échelle internationale. Pourtant ce sont dès les années 1950, au lendemain de la proclamation de la République populaire de Chine de Mao, que les présences chinoises débutent sur le continent africain. Initialement limitées aux acteurs politiques, économiques et militaires chinois, elles vont progressivement se diversifier pour intégrer, depuis une dizaine d’années, des migrants ou des entreprises privées.Cet ouvrage a pour objectif d’analyser comment les relations sino-africaines ont évolué, en faisant de la Chine, une puissance africaine. Par le biais d’études de cas territorialisées qui touchent plusieurs domaines d’intervention (agriculture, infrastructures, santé, etc.), une multitude d’acteurs et plusieurs temporalités, cet ouvrage tend à décomposer ces relations sino-africaines, miroir des relations internationales de ces huit dernières décennies.
856 4 1 _uhttps://shs.cairn.info/chine-puissance-africaine--9782200635879?lang=fr&redirect-ssocas=7080
999 _c1566588
_d1566588